| 000 | 00687nam a22002057a 4500 | ||
|---|---|---|---|
| 999 |
_c104800 _d104800 |
||
| 005 | 20230201144304.0 | ||
| 010 | _aENG-116682 | ||
| 020 |
_a9788184845280 _c850.00 |
||
| 035 | _aEN-100214 | ||
| 037 | _bDBAD/PUB | ||
| 082 | _a305.420954 | ||
| 245 |
_aDr. B.R. Ambedkar on women empowerment : _bcontemporary relevance/ _cedited by Satyendra Prajapati [and] Satyendra Narayan Singh |
||
| 260 |
_aNew Delhi _bRegal Publications _c2016 |
||
| 270 |
_aF-159 Rajouri Garden _bNew Delhi _e110027 |
||
| 300 |
_axxii,172p. _c23cm(Hb) |
||
| 500 | _aIncludes index | ||
| 700 | _aSatyendra Prajapati | ||
| 700 | _aSatendra Narayan Singh | ||
| 942 |
_2ddc _cEN _h305.420954 _mPRA |
||